00321nam a22001097a 4500082001000000100001600010245007200026260003600098300001900134650003700153700002100190 a621.3 aZaka, Umair aTime Varying Equalization of Doubly Selective Channel /cUmair Zaka aIslamabad :bMCS - NUST,c2017. a32 p. ;c30cm. aElectrical Engineering-MS-Thesis aDr. Imran Tauqir